000 00248nam a22001217a 4500
008 180316b xxu||||| |||| 00| 0 eng d
041 _aeng
080 _a371
100 _a25
101 _aEDU
245 _aLanguage
_cFinegan, E
942 _2udc
_cBK
999 _c45219
_d45219